Daily Capital City Riddle #44 - Statistics

General Stats
  • This quiz has been taken 49 times
  • The average score is 28 of 31
Answer Stats
Type Answer % Correct
Alphabet Letter A
100%
Found Letter I
98%
Alphabet Letter M
98%
Alphabet Letter G
95%
Found Letter L
95%
Alphabet Letter N
95%
Alphabet Letter O
95%
Alphabet Letter R
95%
Alphabet Letter S
95%
Alphabet Letter B
93%
Found Letter D
93%
Alphabet Letter E
93%
Alphabet Letter U
93%
Correctly Placed Letter I
90%
Alphabet Letter K
90%
Correctly Placed Letter L
90%
Alphabet Letter T
90%
Alphabet Letter Y
90%
Alphabet Letter C
88%
Alphabet Letter J
88%
Alphabet Letter P
88%
Alphabet Letter V
88%
Alphabet Letter W
88%
Alphabet Letter F
86%
Alphabet Letter H
86%
Correctly Placed Letter I
86%
Correctly Placed Letter D
83%
Alphabet Letter Z
83%
Mystery Capital Dili
81%
Alphabet Letter Q
81%
Alphabet Letter X
81%
No matching quizzes found
Score Distribution
Percent of People with Each Score
Percentile by Number Answered
Your Score History
You have not taken this quiz